000 01092 a2200193 4500
003 Nust
005 20230919135849.0
010 _a 2003040710
020 _a0831131705
040 _cNust
082 0 0 _a620.00151,SIN
100 1 _aSingh, Kuldeep.
_9100902
245 1 0 _aEngineering mathematics through applications /
_cKuldeep Singh.
260 _aNew York :
_bIndustrial Press,
_cc2003.
300 _ax, 830 p. :
_bill. ;
_c25 cm.
505 _aIntroduction Arthimetic for Engineers (Page-1), Engineering Formulae (Page-52), Visualizing Engineering Formulae (Page-99), Functions in Engieering (Page-133), Trigonometry and Waveforms (Page- 167), Logarithmic, Exponential and Hyperbolic Functions (Page-223), Differentiation (Page-257), Engineering Applications of Differentiation (Page-307), Integration (Page-359), Engineering Applications of Integration (Page-425), Complex Numbers (Page-463), Matrices (Page-507), Vectors (Page-567), First Order Differential Equations (Page-601), Second Order Linear Differential (Page-656).
650 0 _aEngineering mathematics.
942 _cREF
_2ddc
999 _c175451
_d175451